000 00842nam a2200253Ia 4500
003 OSt
005 20260202155401.0
008 210716s2003 xx 000 0 und d
020 _a97881478292687
040 _cAIMIT LIBRARY
041 _aeng
082 _a368.00954
_21
_bPALP
100 _aPalande, P S.
_9253577
245 _aInsurance in India :
_bchanging policies and emerging opportunities /
_cBy P S Palande, R S Shah and M L Lunawat.
250 _a1st ed.
260 _aNew Delhi :
_bResponse Books ,
_c2003.
300 _a492p. ;
_bPB
_c21.8 cm
650 _aThe debate about opening up
_9253578
650 _aProactive and focused strategies of the industry
_9253579
650 _aThe emerging scenario
_9253580
700 _aShah, R S.
_9253581
700 _aLunawat, M L.
_9253582
942 _2ddc
_cBK
_e1st
_k368.00954 PALP
999 _c180915
_d180915